000
00173nam a22000977a 4500
082
_a
001
_b
EVE/A
100
_a
EVERGREEN
245
_a
ALL IN ONE
650
_a
G K
942
_c
BK
999
_c
9038
_d
9038